R. Gupta's popular master guide C.B.S.E. AIEEE (All India Engineering Entrance Examination) / (Record no. 27189)

MARC details
000 -LEADER
fixed length control field 00911nam 22002292 4500
005 - DATE AND TIME OF LATEST TRANSACTION
control field 2009060307027.0
008 - FIXED-LENGTH DATA ELEMENTS--GENERAL INFORMATION
fixed length control field 090216t xxu||||| |||| 00| 0 eng d
010 ## - LCCN (DPL NO)
LC control number ENG-93859
020 ## - INTERNATIONAL STANDARD BOOK NUMBER
International Standard Book Number 8178121921
Terms of availability 620.00
035 ## - SYSTEM CONTROL NUMBER
System control number EN-77392
037 ## - SOURCE OF ACQUISITION
Source of stock number/acquisition DBAD / PUB
040 ## - CATALOGING SOURCE
Original cataloging agency dpl
Language of cataloging English
082 ## - DEWEY DECIMAL CLASSIFICATION NUMBER
Classification number 000
100 ## - MAIN ENTRY--PERSONAL NAME
Personal name Prakash, P.
245 ## - TITLE STATEMENT
Title R. Gupta's popular master guide C.B.S.E. AIEEE (All India Engineering Entrance Examination) /
Statement of responsibility, etc by P. Prakash
260 ## - PUBLICATION, DISTRIBUTION, ETC. (IMPRINT)
Place of publication, distribution, etc New Delhi
Name of publisher, distributor, etc Ramesh Publishing House
Date of publication, distribution, etc 2009
270 ## - ADDRESS
Address 12-H, New Daryaganj Road, Opp. Traffic Kotwali,
City New Delhi
Postal code 110002
300 ## - PHYSICAL DESCRIPTION
Extent Various pagings
Dimensions 26m(pbk)
650 ## - SUBJECT ADDED ENTRY--TOPICAL TERM
Topical term or geographic name as entry element C.B.S.E. AIEEE (All India Engineering Entrance Examination)
942 ## - ADDED ENTRY ELEMENTS (KOHA)
Source of classification or shelving scheme Dewey Decimal Classification
Item type English Books
Call number suffix PRA
Classification part 000
Holdings
Withdrawn status Lost status Source of classification or shelving scheme Damaged status Not for loan Collection code Home library Current library Date acquired Source of acquisition Cost, normal purchase price Total Checkouts Full call number Barcode Date last seen Copy number Cost, replacement price Koha item type
    Dewey Decimal Classification   Not For Loan Non-fiction D.B.Act.Division D.B.Act.Division 03/06/2009 DBAD / PUB 620.00   000 PRA EN-77392 03/06/2009 1 620.00 English Books

© Delhi Public Library
Hit Counter
free hit counter